[Event "Mercredi 2018.05.09 ABCD"]
[Site "Montreal CAN"]
[Date "2018.05.09"]
[Round "1"]
[White "Chang, Alexander RZ"]
[Black "Beaulieu, Pierre"]
[Result "0-1"]
[WhiteElo "1962"]
[BlackElo "1901"]
[PlyCount "80"]
[EventDate "2018.05.09"]
[EventType "tourn"]
[EventRounds "5"]
[EventCountry "CAN"]

1. e4 g6 2. d4 Bg7 3. Nf3 d6 4. Bd3 Nd7 5. O-O c6 6. c3 Qc7 7. Nbd2 Nh6 8. Nc4
O-O 9. Qe2 b5 10. Ne3 e5 11. d5 Nc5 12. dxc6 Nxd3 13. Qxd3 Qxc6 14. Nd5 Kh8 15.
Rd1 Bb7 16. Bg5 Ng8 17. Rac1 f6 18. Be3 Rfc8 19. b3 Bf8 20. Nd2 f5 21. f3 Qe8
22. c4 Bxd5 23. cxd5 Bh6 24. Bf2 Rxc1 25. Rxc1 Rc8 26. Rc3 Bxd2 27. Qxd2 fxe4
28. fxe4 Nf6 29. Re3 g5 30. Re1 Qg6 31. Qb4 Ng4 32. Qxb5 Rc2 33. Re2 Rc1+ 34.
Be1 Qf7 35. Qb4 Qf4 36. g3 Qf3 37. Qd2 Ra1 38. b4 a6 39. Qb2 Ne3 40. Rxe3 Qxe3+
0-1

[Event "Mercredi 2018.05.09 ABCD"]
[Site "Montreal CAN"]
[Date "2018.05.09"]
[Round "1"]
[White "Jacquet, Stephane"]
[Black "Nesterov, Timour"]
[Result "1-0"]
[WhiteElo "1955"]
[BlackElo "1910"]
[PlyCount "45"]
[EventDate "2018.05.09"]
[EventType "tourn"]
[EventRounds "5"]
[EventCountry "CAN"]

1. d4 e6 2. Nf3 f5 3. g3 Nf6 4. Bg2 Be7 5. O-O Ne4 6. Nbd2 Bf6 7. Nxe4 fxe4 8.
Ne5 d5 9. f3 exf3 10. exf3 Bxe5 11. dxe5 c5 12. Be3 Qc7 13. f4 O-O 14. Qh5 Bd7
15. f5 Qxe5 16. Bxc5 Rc8 17. Rae1 Qc7 18. Bd4 Nc6 19. fxe6 Bxe6 20. Bxg7 Qxg7
21. Rxe6 Nd4 22. Re5 Rc7 23. Rg5 1-0

[Event "Mercredi 2018.05.09 ABCD"]
[Site "Montreal CAN"]
[Date "2018.05.09"]
[Round "1"]
[White "Kay, Sang Kil"]
[Black "Giurgiev, Silvius"]
[Result "0-1"]
[WhiteElo "1681"]
[BlackElo "1605"]
[PlyCount "76"]
[EventDate "2018.05.09"]
[EventType "tourn"]
[EventRounds "5"]
[EventCountry "CAN"]

1. d4 d5 2. Bf4 Nf6 3. e3 Bf5 4. c4 e6 5. Qb3 Qc8 6. Nc3 c6 7. h3 Be7 8. Nf3
Nbd7 9. Rc1 a6 10. c5 h6 11. Na4 Bd8 12. Be2 Bc7 13. Ne5 O-O 14. g4 Bh7 15. h4
Nxe5 16. dxe5 Nd7 17. g5 hxg5 18. hxg5 Qb8 19. Bd3 Bxd3 20. Qxd3 g6 21. e4 Kg7
22. Rh7+ Kxh7 23. Qh3+ Kg8 24. Ke2 Re8 25. Qh6 Nf8 26. Rh1 Bxe5 27. Nb6 Bg7 28.
Bxb8 Bxh6 29. Nxa8 Rxb8 30. Nb6 Bxg5 31. Rh3 Bd8 32. Na4 dxe4 33. b4 Bc7 34.
Nb2 Rd8 35. Nc4 f5 36. a4 e5 37. Rb3 Ne6 38. Rb2 Nf4+ 0-1

[Event "Mercredi 2018.05.09 ABCD"]
[Site "Montreal CAN"]
[Date "2018.05.09"]
[Round "1"]
[White "Nardone, Raul"]
[Black "Gauthier, Luc"]
[Result "0-1"]
[WhiteElo "1856"]
[BlackElo "1731"]
[PlyCount "56"]
[EventDate "2018.05.09"]
[EventType "tourn"]
[EventRounds "5"]
[EventCountry "CAN"]

1. Nf3 d5 2. d4 Nf6 3. Bg5 Ne4 4. Bh4 c5 5. e3 Qb6 6. Qc1 Nc6 7. c3 Bf5 8. Be2
e6 9. O-O h6 10. dxc5 Bxc5 11. Nbd2 g5 12. Bg3 Nxg3 13. hxg3 h5 14. b4 Be7 15.
a4 h4 16. a5 Qc7 17. gxh4 g4 18. Nd4 Bxh4 19. f4 Qe7 20. a6 Nxd4 21. cxd4 Bg3
22. Bb5+ Kf8 23. Qc5 Qxc5 24. bxc5 Rb8 25. axb7 Rxb7 26. Ra5 a6 27. Bxa6 Rb2
28. e4 Rxd2 0-1

[Event "Mercredi 2018.05.09 ABCD"]
[Site "Montreal CAN"]
[Date "2018.05.09"]
[Round "1"]
[White "O'Neill, Brendon"]
[Black "Baran, Marius"]
[Result "0-1"]
[WhiteElo "1767"]
[BlackElo "1747"]
[PlyCount "98"]
[EventDate "2018.05.09"]
[EventType "tourn"]
[EventRounds "5"]
[EventCountry "CAN"]

1. e4 c5 2. Nf3 d6 3. d4 cxd4 4. Nxd4 Nf6 5. Nc3 a6 6. Be2 e5 7. Nb3 Be6 8. O-O
Be7 9. Be3 O-O 10. Bf3 Nbd7 11. a4 b6 12. Qd2 Nc5 13. Nc1 Bc4 14. Rd1 Qb8 15.
N1e2 Qb7 16. Ng3 g6 17. Bh6 Rfd8 18. Nf5 Ne8 19. Nxe7+ Qxe7 20. Bg5 f6 21. Be3
Rab8 22. b3 Be6 23. Be2 Qb7 24. b4 Nxe4 25. Nxe4 Qxe4 26. Bxa6 Bc4 27. Bxc4+
Qxc4 28. a5 bxa5 29. bxa5 d5 30. Bb6 Rd7 31. Ra3 d4 32. Qh6 Qxc2 33. Rc1 Qb2
34. Bc5 Ng7 35. Rh3 Nf5 36. Ba3 Nxh6 37. Bxb2 Rxb2 38. Ra3 Ng4 39. h3 Nxf2 40.
a6 Ra7 41. Rc6 Ne4 42. Ra1 Kg7 43. Re1 Nc3 44. Rf1 f5 45. Kh2 Ra2 46. Re6 e4
47. Rd6 d3 48. Rc6 Ne2 49. g4 Nd4+ 0-1

[Event "Mercredi 2018.05.09 ABCD"]
[Site "Montreal CAN"]
[Date "2018.05.09"]
[Round "1"]
[White "Ostaci, Liviu"]
[Black "Nica, Ion"]
[Result "1/2-1/2"]
[WhiteElo "1662"]
[BlackElo "1633"]
[PlyCount "36"]
[EventDate "2018.05.09"]
[EventType "tourn"]
[EventRounds "5"]
[EventCountry "CAN"]

1. c4 e5 2. Nf3 Nc6 3. d4 Bb4+ 4. Bd2 e4 5. Bxb4 Nxb4 6. Nfd2 f5 7. a3 Nc6 8.
e3 Nf6 9. Nc3 O-O 10. Qc2 a6 11. Be2 Kh8 12. h4 d5 13. g3 Ne7 14. c5 Ng4 15.
Rf1 Nh2 16. Rh1 Ng4 17. Rf1 Nh2 18. Rh1 Ng4 1/2-1/2

[Event "Mercredi 2018.05.09 ABCD"]
[Site "Montreal CAN"]
[Date "2018.05.09"]
[Round "1"]
[White "Pomerantz, Daniel"]
[Black "Nikulich, Oleksandr"]
[Result "1-0"]
[WhiteElo "2023"]
[BlackElo "2046"]
[PlyCount "111"]
[EventDate "2018.05.09"]
[EventType "tourn"]
[EventRounds "5"]
[EventCountry "CAN"]

1. e4 e5 2. Nf3 Nc6 3. Bb5 a6 4. Ba4 Nf6 5. O-O Be7 6. Re1 b5 7. Bb3 d6 8. c3
O-O 9. h3 Nb8 10. d4 Nbd7 11. Nbd2 Bb7 12. Bc2 c5 13. Nf1 Qc7 14. Ng3 Rfe8 15.
b3 Bf8 16. Bg5 g6 17. Qd2 Bg7 18. d5 Rf8 19. c4 Nb6 20. Bd3 b4 21. a3 a5 22.
Ra2 Nbd7 23. Rea1 Kh8 24. Nh2 Ng8 25. Ng4 f6 26. Be3 Nb8 27. Rc1 Na6 28. h4 Bc8
29. Nh6 Ne7 30. h5 f5 31. Bg5 f4 32. Nf1 Ng8 33. Nxg8 Kxg8 34. h6 Bf6 35. Bxf6
Rxf6 36. Qd1 g5 37. Qh5 Rg6 38. Nh2 g4 39. Kf1 Qf7 40. Be2 g3 41. Ng4 Bxg4 42.
Bxg4 Qf6 43. Bf5 Rxh6 44. Qg4+ Kf7 45. Ke2 gxf2 46. Kxf2 Qh4+ 47. Qxh4 Rxh4 48.
Rca1 Kf6 49. axb4 Nxb4 50. Rxa5 Rd8 51. Ra7 h6 52. Rh7 Nc2 53. Raa7 Kg5 54.
Rag7+ Kh5 55. Rg6 Nd4 56. Rhxh6# 1-0

[Event "Mercredi 2018.05.09 ABCD"]
[Site "Montreal CAN"]
[Date "2018.05.09"]
[Round "1"]
[White "Zheng, Richard"]
[Black "Langlois-Remillard, Alexis"]
[Result "1/2-1/2"]
[WhiteElo "2078"]
[BlackElo "2057"]
[PlyCount "51"]
[EventDate "2018.05.09"]
[EventType "tourn"]
[EventRounds "5"]
[EventCountry "CAN"]

1. d4 d5 2. c4 Nc6 3. e3 e5 4. dxe5 d4 5. exd4 Qxd4 6. Qxd4 Nxd4 7. Bd3 Be6 8.
Nf3 O-O-O 9. Nxd4 Rxd4 10. Ke2 Bxc4 11. Bxc4 Rxc4 12. Nc3 Bb4 13. Kd3 Rc5 14.
f4 Ne7 15. Be3 Rd8+ 16. Ke2 Rc6 17. Rac1 Bxc3 18. Rxc3 Rxc3 19. bxc3 Nd5 20.
Rc1 Nxe3 21. Kxe3 c5 22. Rc2 Kc7 23. g4 b5 24. h4 Kc6 25. f5 c4 26. Ke4 1/2-1/2

[Event "Mercredi 2018.05.09 ABCD"]
[Site "Montreal CAN"]
[Date "2018.05.28"]
[Round "2"]
[White "Autotte, Daniel"]
[Black "Giurgiev, Silvius"]
[Result "0-1"]
[WhiteElo "1643"]
[BlackElo "1605"]
[PlyCount "70"]
[EventDate "2018.05.09"]
[EventType "tourn"]
[EventRounds "5"]
[EventCountry "CAN"]

1. c4 e5 2. g3 Nf6 3. Bg2 d5 4. cxd5 Nxd5 5. Nc3 c6 6. d3 Bb4 7. Bd2 Qa5 8. Qc2
O-O 9. Nf3 Nxc3 10. bxc3 Bd6 11. O-O Bf5 12. e4 Be6 13. d4 Nd7 14. c4 Qc7 15.
Ng5 Bg4 16. f3 Bh5 17. Bc3 h6 18. Nh3 exd4 19. Bxd4 Bg6 20. Qc3 f6 21. f4 Bc5
22. Rad1 Rad8 23. Nf2 Bf7 24. Bh3 Bxd4 25. Rxd4 Nc5 26. Rfd1 Rxd4 27. Qxd4 b6
28. Qd6 Qxd6 29. Rxd6 Bxc4 30. Rxc6 Bxa2 31. e5 fxe5 32. fxe5 Re8 33. Rc7 Rxe5
34. Ng4 Re1+ 35. Kf2 Nd3+ 0-1

[Event "Mercredi 2018.05.09 ABCD"]
[Site "Montreal CAN"]
[Date "2018.05.16"]
[Round "2"]
[White "Beaulieu, Pierre"]
[Black "Guipi Bopala, Prince Eric jr"]
[Result "0-1"]
[WhiteElo "1901"]
[BlackElo "1910"]
[PlyCount "62"]
[EventDate "2018.05.09"]
[EventType "tourn"]
[EventRounds "5"]
[EventCountry "CAN"]

1. b3 d5 2. Bb2 Bf5 3. e3 e6 4. Nf3 Nf6 5. Be2 h6 6. O-O Be7 7. c4 O-O 8. Nc3
c6 9. Rc1 Bh7 10. d3 Nbd7 11. a3 a5 12. Re1 Rc8 13. Bf1 Qb6 14. Na4 Qa7 15. e4
dxe4 16. dxe4 Rfd8 17. Qc2 Nc5 18. Nxc5 Qxc5 19. Qc3 Bf8 20. Ne5 Nxe4 21. Qf3
Nf6 22. Re3 Qe7 23. Bd3 Bxd3 24. Nxd3 Nh7 25. Rce1 Qc7 26. c5 Be7 27. Be5 Qd7
28. Qg3 Bf6 29. Rf3 Qe7 30. Bd6 Qe8 31. Qg4 b6 {...} 0-1

[Event "Mercredi 2018.05.09 ABCD"]
[Site "Montreal CAN"]
[Date "2018.05.16"]
[Round "2"]
[White "Boudreau, Daniel"]
[Black "Zheng, Richard"]
[Result "1/2-1/2"]
[WhiteElo "2127"]
[BlackElo "2078"]
[PlyCount "107"]
[EventDate "2018.05.09"]
[EventType "tourn"]
[EventRounds "5"]
[EventCountry "CAN"]

1. e4 e6 2. d4 d5 3. e5 c5 4. c3 Nc6 5. Nf3 Nge7 6. Na3 Ng6 7. Nc2 Be7 8. Bd3
O-O 9. O-O Bd7 10. Re1 c4 11. Bxg6 hxg6 12. Bf4 b5 13. Qd2 Qb6 14. Bg5 a5 15.
a3 Bxg5 16. Nxg5 Ne7 17. Qe3 Nf5 18. Qh3 Nh6 19. f4 Qd8 20. g3 Qe7 21. Ne3 Rfe8
22. Ng4 Qf8 23. Ne3 Rad8 24. Nf3 f6 25. Ng4 Nxg4 26. Qxg4 Qf7 27. Re2 Re7 28.
h4 Rb8 29. Rh2 Be8 30. Qh3 Rb6 31. Rf1 Reb7 32. g4 b4 33. axb4 axb4 34. Re2
bxc3 35. bxc3 Rb2 36. Qg2 Rxe2 37. Qxe2 Rb3 38. Qe1 Qe7 39. exf6 gxf6 40. g5 f5
41. Qa1 Qa3 42. Qxa3 Rxa3 43. Rc1 Ba4 44. Kf2 Ra2+ 45. Ke3 Bc2 46. Ne5 Kg7 47.
h5 gxh5 48. Rh1 Ba4 49. Rxh5 Rc2 50. Rh6 Rxc3+ 51. Kd2 Rc2+ 52. Ke3 Rc3+ 53.
Kd2 Rc2+ 54. Ke3 1/2-1/2

[Event "Mercredi 2018.05.09 ABCD"]
[Site "Montreal CAN"]
[Date "2018.05.16"]
[Round "2"]
[White "Gauthier, Luc"]
[Black "Baran, Marius"]
[Result "1/2-1/2"]
[WhiteElo "1731"]
[BlackElo "1747"]
[PlyCount "50"]
[EventDate "2018.05.09"]
[EventType "tourn"]
[EventRounds "5"]
[EventCountry "CAN"]

1. e4 e5 2. Nf3 Nf6 3. Bc4 Bc5 4. d3 d6 5. c3 Be6 6. Bxe6 fxe6 7. Qb3 Nbd7 8.
Qxe6+ Qe7 9. Qxe7+ Kxe7 10. Be3 Rhf8 11. Nbd2 Bxe3 12. fxe3 Rae8 13. O-O Nc5
14. d4 Ncxe4 15. dxe5 dxe5 16. Nxe4 Nxe4 17. Nxe5 Ke6 18. Rxf8 Rxf8 19. Nf3 c5
20. Rd1 g5 21. Ne1 b6 22. Nd3 Rf7 23. Rf1 Rd7 24. Rd1 Rf7 25. Rf1 Rd7 1/2-1/2

[Event "Mercredi 2018.05.09 ABCD"]
[Site "Montreal CAN"]
[Date "2018.05.16"]
[Round "2"]
[White "Jacquet, Stephane"]
[Black "Chang, Alexander RZ"]
[Result "1/2-1/2"]
[WhiteElo "1955"]
[BlackElo "1962"]
[PlyCount "72"]
[EventDate "2018.05.09"]
[EventType "tourn"]
[EventRounds "5"]
[EventCountry "CAN"]

1. e4 d6 2. d4 Nf6 3. Bd3 e5 4. dxe5 dxe5 5. Nf3 Nbd7 6. O-O Bc5 7. Nbd2 O-O 8.
Nc4 Re8 9. c3 a5 10. a4 c6 11. Bg5 Qc7 12. Qc2 Nf8 13. Rab1 Bg4 14. Be2 Bxf3
15. Bxf3 Ne6 16. Be3 b5 17. Bxc5 Nxc5 18. axb5 cxb5 19. Ne3 Rad8 20. Rfd1 g6
21. c4 Ne6 22. cxb5 Qxc2 23. Nxc2 Rxd1+ 24. Rxd1 Rb8 25. b4 axb4 26. Nxb4 Rxb5
27. Nc6 Rc5 28. Nb4 Nd4 29. Nd3 Nxf3+ 30. gxf3 Rb5 31. Kf1 Nh5 32. Ke2 Ng7 33.
f4 exf4 34. Nxf4 Re5 35. f3 Ne6 36. Nxe6 Rxe6 1/2-1/2

[Event "Mercredi 2018.05.09 ABCD"]
[Site "Montreal CAN"]
[Date "2018.05.16"]
[Round "2"]
[White "Langlois-Remillard, Alexis"]
[Black "Pomerantz, Daniel"]
[Result "1-0"]
[WhiteElo "2057"]
[BlackElo "2023"]
[PlyCount "61"]
[EventDate "2018.05.09"]
[EventType "tourn"]
[EventRounds "5"]
[EventCountry "CAN"]

1. b3 d5 2. Bb2 c5 3. e3 Nf6 4. Nf3 Nc6 5. Bb5 Bd7 6. O-O e6 7. d3 Be7 8. Nbd2
O-O 9. Bxc6 Bxc6 10. Ne5 Rc8 11. f4 Nd7 12. Qg4 f5 13. Qxg7+ Kxg7 14. Nxc6+ Bf6
15. Nxd8 Rcxd8 16. Bxf6+ Kxf6 17. Rae1 Rg8 18. e4 b5 19. Rf3 d4 20. Rh3 Rg7 21.
Nf3 Rf8 22. Ng5 Rxg5 23. fxg5+ Kxg5 24. Rxh7 Nf6 25. Rg7+ Kf4 26. Rf1+ Ke5 27.
exf5 exf5 28. Re7+ Kd6 29. Rxa7 Nd5 30. Ra6+ Ke5 31. Rc6 1-0

[Event "Mercredi 2018.05.09 ABCD"]
[Site "Montreal CAN"]
[Date "2018.05.16"]
[Round "2"]
[White "Millette, Sylvain"]
[Black "Ostaci, Liviu"]
[Result "1-0"]
[WhiteElo "1657"]
[BlackElo "1662"]
[PlyCount "27"]
[EventDate "2018.05.09"]
[EventType "tourn"]
[EventRounds "5"]
[EventCountry "CAN"]

1. e4 c5 2. d4 cxd4 3. c3 d6 4. Nf3 Nf6 5. e5 dxe5 6. Nxe5 d3 7. Bxd3 a6 8. O-O
Qc7 9. Bf4 Qc5 10. Nd2 Be6 11. Ne4 Nxe4 12. Bxe4 Qc8 13. Qa4+ b5 14. Qd4 1-0

[Event "Mercredi 2018.05.09 ABCD"]
[Site "Montreal CAN"]
[Date "2018.05.16"]
[Round "2"]
[White "Nardone, Raul"]
[Black "Abdelaal, Ibrahim"]
[Result "0-1"]
[WhiteElo "1856"]
[BlackElo "1827"]
[PlyCount "122"]
[EventDate "2018.05.09"]
[EventType "tourn"]
[EventRounds "5"]
[EventCountry "CAN"]

1. e4 d5 2. exd5 Nf6 3. Bb5+ Bd7 4. Bc4 b5 5. Bb3 Bc8 6. d4 Bb7 7. Nf3 Nxd5 8.
O-O e6 9. Nc3 b4 10. Ba4+ Bc6 11. Bxc6+ Nxc6 12. Ne4 Be7 13. Qe2 O-O 14. Rd1
Nf6 15. Neg5 Qd5 16. Nh3 Qe4 17. Qxe4 Nxe4 18. Bf4 Rac8 19. Re1 Nf6 20. Rad1
Rfd8 21. Rd3 h6 22. Be3 g5 23. Ne5 Nxe5 24. dxe5 Rxd3 25. cxd3 Nd5 26. Bd2 Rd8
27. Kf1 Kg7 28. Ke2 f5 29. Rc1 c5 30. f3 a5 31. Rc2 Kg6 32. g4 Rf8 33. Rc4 h5
34. gxh5+ Kxh5 35. Nf2 Kg6 36. Rc1 Rh8 37. h3 Rh4 38. Rc4 Rh8 39. Rc1 a4 40.
Rc4 Rd8 41. Be3 Nxe3 42. Kxe3 Rd5 43. d4 cxd4+ 44. Kd2 Rxe5 45. Nd3 Rb5 46. Rc7
Bf6 47. Rc6 e5 48. Nc5 Kf7 49. Nxa4 e4 50. fxe4 fxe4 51. Nc5 e3+ 52. Kd3 Ra5
53. Ne4 Be7 54. Rc7 Rxa2 55. Nxg5+ Ke8 56. Ne6 Rxb2 57. Nxd4 Bg5 58. Rc5 Rd2+
59. Kc4 Bf6 60. Nf3 e2 61. Rd5 Rxd5 0-1

[Event "Mercredi 2018.05.09 ABCD"]
[Site "Montreal CAN"]
[Date "2018.05.16"]
[Round "2"]
[White "Nesterov, Timour"]
[Black "Barko, Maxim"]
[Result "1-0"]
[WhiteElo "1910"]
[BlackElo "1936"]
[PlyCount "69"]
[EventDate "2018.05.09"]
[EventType "tourn"]
[EventRounds "5"]
[EventCountry "CAN"]

1. d4 c5 2. d5 e5 3. e4 d6 4. f4 exf4 5. Bxf4 Qf6 6. Qc1 Qh4+ 7. g3 Qe7 8. Bg2
b5 9. Qe3 Nd7 10. Nf3 Ngf6 11. Nbd2 Ng4 12. Qe2 Rb8 13. Nd4 cxd4 14. Qxg4 Ne5
15. Qe2 Qc7 16. Nb3 Bg4 17. Qd2 Be7 18. Nxd4 Nc4 19. Qc1 Bf6 20. c3 b4 21. O-O
O-O 22. Nc6 bxc3 23. bxc3 Rb7 24. Re1 Qb6+ 25. Kh1 Qf2 26. Rg1 Bh3 27. Qf1
Bxg2+ 28. Rxg2 Qxf1+ 29. Rxf1 Bxc3 30. Rc2 Rb2 31. Rxb2 Bxb2 32. Rf2 Bc3 33.
Rc2 Re8 34. Rxc3 Rxe4 35. Na5 1-0

[Event "Mercredi 2018.05.09 ABCD"]
[Site "Montreal CAN"]
[Date "2018.05.16"]
[Round "2"]
[White "Nica, Ion"]
[Black "Kay, Sang Kil"]
[Result "0-1"]
[WhiteElo "1633"]
[BlackElo "1681"]
[PlyCount "96"]
[EventDate "2018.05.09"]
[EventType "tourn"]
[EventRounds "5"]
[EventCountry "CAN"]

1. b3 d5 2. Bb2 Bf5 3. e3 e6 4. Ne2 h6 5. Ng3 Bh7 6. Nh5 Nf6 7. Nxf6+ gxf6 8.
c4 Nc6 9. cxd5 Nb4 10. d3 Qxd5 11. e4 Bxe4 12. dxe4 Qxe4+ 13. Be2 Rd8 14. Qxd8+
Kxd8 15. Bxf6+ Kc8 16. Bxh8 Qxg2 17. Rf1 Nc2+ 18. Kd1 Nxa1 19. Bxa1 Qxh2 20. f4
h5 21. Nd2 Bc5 22. f5 Qd6 23. Bc3 h4 24. fxe6 fxe6 25. Kc2 Qc6 26. Bf3 Qa6 27.
a4 Qd6 28. Rd1 Qf4 29. Rf1 Qh2 30. b4 Bf2 31. Kb3 Bg3 32. Ne4 Qh3 33. Rh1 Qf5
34. Rf1 Qd5+ 35. Kb2 Qd3 36. Nd2 Bf4 37. Bxb7+ Kxb7 38. Rxf4 h3 39. Rf2 Qg3 40.
Rf3 Qg2 41. Kb3 h2 42. Rf7 h1=Q 43. Be5 Qd5+ 44. Nc4 Qb1+ 45. Bb2 Qbd1+ 46. Ka3
Qxc4 47. Rxc7+ Qxc7 48. a5 Qc4 0-1

[Event "Mercredi 2018.05.09 ABCD"]
[Site "Montreal CAN"]
[Date "2018.05.16"]
[Round "2"]
[White "Nunez, Omar"]
[Black "Nikulich, Oleksandr"]
[Result "0-1"]
[WhiteElo "1970"]
[BlackElo "2046"]
[PlyCount "112"]
[EventDate "2018.05.09"]
[EventType "tourn"]
[EventRounds "5"]
[EventCountry "CAN"]

1. e4 e5 2. d4 exd4 3. Qxd4 Nc6 4. Qa4 Nf6 5. Nf3 Bb4+ 6. c3 Bc5 7. Bg5 Qe7 8.
Nbd2 h6 9. Bh4 g5 10. Bg3 d5 11. O-O-O dxe4 12. Bb5 O-O 13. Bxc6 bxc6 14. Ne5
e3 15. fxe3 Bxe3 16. Rhe1 Qc5 17. Nd3 Qb6 18. Kc2 Bxd2 19. Rxd2 Bf5 20. Kc1 Bg6
21. Ne5 Qb5 22. Qa3 Bh5 23. Rf2 Nd5 24. c4 Qb4 25. Qxb4 Nxb4 26. a3 Na6 27.
Nxc6 Nc5 28. Kd2 Rfe8 29. Be5 Re6 30. Nd4 Rd8 31. Kc3 Ree8 32. Bxc7 Rxe1 33.
Rf5 Rxd4 34. Rxc5 Rde4 35. Bg3 Rc1+ 36. Kb4 Bg6 37. Bb8 Re2 38. b3 Rb1 39. Bxa7
Bc2 40. Rc8+ Kh7 41. Rc7 Rxb3+ 42. Kc5 Kg6 43. g4 Re5+ 44. Kd4 f6 45. c5 Rxa3
46. Bb8 Re8 47. Ba7 Ra6 48. Bb6 Re6 49. Rb7 Be4 50. Rc7 Bf3 51. h3 Raxb6 52.
cxb6 Rxb6 53. Rc3 Bg2 54. Rg3 Rb2 55. Rc3 h5 56. Ke3 Bxh3 0-1

[Event "Mercredi 2018.05.09 ABCD"]
[Site "Montreal CAN"]
[Date "2018.05.16"]
[Round "2"]
[White "Templonuevo, Mark Geryl"]
[Black "O'Neill, Brendon"]
[Result "1/2-1/2"]
[WhiteElo "1735"]
[BlackElo "1767"]
[PlyCount "97"]
[EventDate "2018.05.09"]
[EventType "tourn"]
[EventRounds "5"]
[EventCountry "CAN"]

1. c4 e5 2. Nc3 Nf6 3. Nf3 Nc6 4. e3 d5 5. cxd5 Nxd5 6. Bb5 Nxc3 7. bxc3 Bd6 8.
d4 exd4 9. cxd4 Bd7 10. h4 a6 11. Bd3 Bg4 12. Qa4 Bb4+ 13. Kf1 O-O 14. Rb1 Rb8
15. e4 Bxf3 16. gxf3 Qxd4 17. Qc2 Ne5 18. Be2 c5 19. Rb3 b5 20. Be3 Qd6 21. Bf4
c4 22. Rxb4 Qxb4 23. Bxe5 Rbd8 24. Rg1 f6 25. Bc3 Qd6 26. Qb2 Rb8 27. e5 Qe6
28. exf6 g6 29. h5 Qh3+ 30. Ke1 Qxh5 31. Be5 Rbd8 32. f4 Qh2 33. Rf1 Qg2 34.
Qa3 Qe4 35. f3 Qc6 36. f5 Rxf6 37. Qe7 Rdf8 38. fxg6 Rxg6 39. Rh1 h6 40. Kd1 c3
41. Kc1 Qd5 42. Bxc3 Rc8 43. Kb2 Rxc3 44. Kxc3 Rc6+ 45. Kb2 Qd2+ 46. Kb1 Qc2+
47. Ka1 Qc3+ 48. Kb1 Qc2+ 49. Ka1 1/2-1/2

[Event "Mercredi 2018.05.09 ABCD"]
[Site "Montreal CAN"]
[Date "2018.05.23"]
[Round "3"]
[White "Abdelaal, Ibrahim"]
[Black "Gauthier, Luc"]
[Result "1-0"]
[WhiteElo "1827"]
[BlackElo "1731"]
[PlyCount "63"]
[EventDate "2018.05.09"]
[EventType "tourn"]
[EventRounds "5"]
[EventCountry "CAN"]

1. e4 Nf6 2. e5 Nd5 3. c4 Nb6 4. c5 Nd5 5. Nc3 e6 6. Nxd5 exd5 7. d4 d6 8. cxd6
cxd6 9. Nf3 Nc6 10. Be2 dxe5 11. dxe5 Bb4+ 12. Bd2 Bxd2+ 13. Qxd2 Be6 14. O-O
O-O 15. b4 h6 16. b5 Ne7 17. Nd4 Qd7 18. Bd3 Rfd8 19. Qf4 Rac8 20. Rfe1 Rc3 21.
Re3 Rdc8 22. Rg3 Qc7 23. Ne2 Rxd3 24. Rxd3 Ng6 25. Qe3 Nxe5 26. Rc3 Nc4 27.
Qxa7 Qe5 28. Re1 d4 29. Qxd4 Qxb5 30. Nf4 Qf5 31. Nxe6 fxe6 32. Rxc4 1-0

[Event "Mercredi 2018.05.09 ABCD"]
[Site "Montreal CAN"]
[Date "2018.05.23"]
[Round "3"]
[White "Autotte, Daniel"]
[Black "Kay, Sang Kil"]
[Result "0-1"]
[WhiteElo "1643"]
[BlackElo "1681"]
[PlyCount "86"]
[EventDate "2018.05.09"]
[EventType "tourn"]
[EventRounds "5"]
[EventCountry "CAN"]

1. d4 d5 2. Bf4 Bf5 3. e3 c5 4. c3 Qb6 5. b3 Nc6 6. Bd3 Bg6 7. Bxg6 hxg6 8. Nf3
Nf6 9. h3 e6 10. Ne5 Ne4 11. f3 Nd6 12. O-O cxd4 13. exd4 Nf5 14. Nxc6 bxc6 15.
g4 Nd6 16. Kg2 Be7 17. Nd2 g5 18. Be3 f5 19. Qe2 f4 20. Bf2 Rh6 21. Rh1 Kd7 22.
Rh2 Rah8 23. Rah1 Qa5 24. Nb1 Nb5 25. Be1 Qd8 26. Qd3 R8h7 27. c4 Nc7 28. Ba5
Qh8 29. Bc3 Ne8 30. cxd5 exd5 31. Qa6 Nc7 32. Qxa7 c5 33. Qb7 Ra6 34. a4 c4 35.
bxc4 Rxa4 36. cxd5 Ra2+ 37. Nd2 Qa8 38. Qxa8 Rxa8 39. Ra1 Rxa1 40. Bxa1 Nxd5
41. Ne4 Rh6 42. Rh1 Rc6 43. Rd1 Ne3+ 0-1

[Event "Mercredi 2018.05.09 ABCD"]
[Site "Montreal CAN"]
[Date "2018.05.23"]
[Round "3"]
[White "Baran, Marius"]
[Black "Templonuevo, Mark Geryl"]
[Result "0-1"]
[WhiteElo "1747"]
[BlackElo "1735"]
[PlyCount "88"]
[EventDate "2018.05.09"]
[EventType "tourn"]
[EventRounds "5"]
[EventCountry "CAN"]

1. e4 g6 2. f4 Bg7 3. Nf3 c6 4. d4 d5 5. e5 h5 6. Bd3 Nh6 7. c3 Bf5 8. Qc2 e6
9. Nbd2 O-O 10. Nf1 b5 11. Ne3 Bxd3 12. Qxd3 Qb6 13. Bd2 a5 14. O-O Nd7 15. Kh1
Rfc8 16. Nh4 Nf8 17. h3 Qd8 18. Nf3 Ra7 19. Be1 f5 20. Bh4 Qb6 21. a3 c5 22.
dxc5 Qxc5 23. Nd4 Rb7 24. Bf2 Qb6 25. Nexf5 gxf5 26. Nxf5 Qc6 27. Nd6 Rcb8 28.
Nxb7 Rxb7 29. Rad1 Rf7 30. Bd4 h4 31. g4 hxg3 32. Qxg3 Nf5 33. Qg4 a4 34. h4
Kh7 35. Qh5+ Kg8 36. Rg1 Nd7 37. Qg5 Qc4 38. Rg2 Nc5 39. h5 Ne4 40. Qg6 Nh4 41.
Qg4 Nxg2 42. Qxg2 Rxf4 43. Qh2 Rf1+ 44. Rxf1 Qxf1+ 0-1

[Event "Mercredi 2018.05.09 ABCD"]
[Site "Montreal CAN"]
[Date "2018.05.23"]
[Round "3"]
[White "Barko, Maxim"]
[Black "Chang, Alexander RZ"]
[Result "1-0"]
[WhiteElo "1936"]
[BlackElo "1962"]
[PlyCount "83"]
[EventDate "2018.05.09"]
[EventType "tourn"]
[EventRounds "5"]
[EventCountry "CAN"]

1. d4 d5 2. c4 e6 3. Nf3 Nf6 4. g3 Be7 5. Bg2 O-O 6. O-O c6 7. Nbd2 Nbd7 8. Ne5
Nxe5 9. dxe5 Nd7 10. cxd5 exd5 11. f4 Re8 12. b3 f6 13. e6 Bc5+ 14. Kh1 Rxe6
15. e4 Nb6 16. Nc4 Nxc4 17. bxc4 d4 18. Qh5 Bf8 19. f5 Re8 20. g4 Qe7 21. g5
fxg5 22. Bxg5 Qf7 23. Qh4 h6 24. Bd2 Qf6 25. Qh3 Bd6 26. Rab1 b6 27. Rb3 Ba6
28. Rc1 Be5 29. Qg4 c5 30. Rh3 Kf8 31. Be1 Qf7 32. f6 Bc8 33. fxg7+ Bxg7 34.
Qg3 Bxh3 35. Bxh3 Rad8 36. Bd2 Kg8 37. Bxh6 Qb7 38. Rg1 Re7 39. Bxg7 Rxg7 40.
Be6+ Kh8 41. Qh4+ Rh7 42. Qxd8# 1-0

[Event "Mercredi 2018.05.09 ABCD"]
[Site "Montreal CAN"]
[Date "2018.05.23"]
[Round "3"]
[White "Guipi Bopala, Prince Eric jr"]
[Black "Nesterov, Timour"]
[Result "0-1"]
[WhiteElo "1910"]
[BlackElo "1910"]
[PlyCount "64"]
[EventDate "2018.05.09"]
[EventType "tourn"]
[EventRounds "5"]
[EventCountry "CAN"]

1. d4 e6 2. c4 f5 3. Nc3 Nf6 4. Nf3 Be7 5. e3 O-O 6. Be2 d6 7. b3 Ne4 8. Bb2
Nxc3 9. Bxc3 Nd7 10. Rb1 Bf6 11. Qc2 Qe8 12. O-O Qg6 13. b4 e5 14. Rfe1 e4 15.
Nd2 Bg5 16. Bf1 Nf6 17. Rb2 c6 18. b5 d5 19. bxc6 bxc6 20. Nb3 f4 21. exf4 Bxf4
22. Bd2 Bxh2+ 23. Kh1 Qh5 24. Be2 Bg4 25. Bxg4 Nxg4 26. Be3 Bf4+ 27. Kg1 Qh2+
28. Kf1 Nxe3+ 29. Rxe3 Bxe3 30. Ke1 Qg1+ 31. Ke2 Qxf2+ 32. Kd1 Qf1# 0-1

[Event "Mercredi 2018.05.09 ABCD"]
[Site "Montreal CAN"]
[Date "2018.05.23"]
[Round "3"]
[White "Jacquet, Stephane"]
[Black "Beaulieu, Pierre"]
[Result "1-0"]
[WhiteElo "1955"]
[BlackElo "1901"]
[PlyCount "75"]
[EventDate "2018.05.09"]
[EventType "tourn"]
[EventRounds "5"]
[EventCountry "CAN"]

1. d4 Nf6 2. c4 e6 3. Nf3 b6 4. g3 Bb7 5. Bg2 Be7 6. O-O h6 7. Nc3 Ne4 8. Qc2
Nxc3 9. bxc3 d6 10. Rd1 Nd7 11. e4 Qc8 12. d5 e5 13. Bh3 Qd8 14. Qe2 O-O 15.
Nd2 Bg5 16. Nf1 Bxc1 17. Raxc1 Nc5 18. f3 g6 19. Ne3 Kg7 20. Kh1 Qe7 21. Rg1
Bc8 22. Qg2 Qg5 23. Rce1 Kh7 24. Bg4 f5 25. h4 Qf6 26. exf5 gxf5 27. Qc2 Kh8
28. Bh3 Bd7 29. Re2 e4 30. fxe4 Nxe4 31. Nxf5 Bxf5 32. Bxf5 Nxg3+ 33. Rxg3
Qxh4+ 34. Rh3 Qxc4 35. Rxh6+ Kg7 36. Re7+ Rf7 37. Rh7+ Kg8 38. Qg2+ 1-0